000 00472nam a2200181Ia 4500
001 2449
005 20260306144808.0
008 260306t2015||||xx |||||||||||||| ||spa||
041 _aESP
082 _a616.89
_bS712
100 _aSadock, Benjamin James
_eAUT
245 0 _aKaplan & Sadock sinopsis de psiquiatría:
_bciencias de la conducta/ psiquiatría clínica
260 _c2015
300 _a
_c
650 _aGEN
654 _aCPS
942 _cLIB
_dJUS
_fJUS
_2ddc
_n
999 _c2449
_d2449